00676nam a2200229 a 4500001001300000003000900013005001700022008004100039020000900080082001600089100002300105245005500128260003300183300000900216500003500225650001600260700002300276902000800299942000700307952011500314999001700429nice12345678IN_TiNIC20260116013344.0070712s1997 dela grp 000 0 eng  ac8000a297.7bTHA1 aThanwi, Ashraf Ali aIslamic Renaissanceb Muslim Revival and Awakening aDelhibAdam Publishersc1997 a224p aincludes index and biblioraphy aDawah-Islam1 aThanwi, Ashraf Ali bSRS cBK 001040708StackRoom-aHMIbHMId2007-07-12g80.00l0o297.7 THA1p018258r2007-07-12v80.00w2007-07-12yBK c10684d10684